<?xml version="1.0" encoding="UTF-8"?>
<collection xmlns="http://www.loc.gov/MARC21/slim">
 <record>
  <leader>00552nam a22001575a 4500</leader>
  <controlfield tag="001">EHU.bham047135</controlfield>
  <controlfield tag="005">20110610153652.0</controlfield>
  <controlfield tag="008">110610s1936####ag############000#0#und#d</controlfield>
  <datafield tag="100" ind1="1" ind2=" ">
   <subfield code="a">Molotov, V.</subfield>
  </datafield>
  <datafield tag="245" ind1="0" ind2="0">
   <subfield code="a">La sociedad socialista y la democracia soviética. :</subfield>
   <subfield code="b">La reforma de la constitución de la U.R.S.S /</subfield>
   <subfield code="c">V. Molotov.</subfield>
  </datafield>
  <datafield tag="260" ind1=" " ind2=" ">
   <subfield code="a">Buenos Aires :</subfield>
   <subfield code="b">Editorial Impulso,</subfield>
   <subfield code="c">1936.</subfield>
  </datafield>
  <datafield tag="300" ind1=" " ind2=" ">
   <subfield code="a">144 p.</subfield>
  </datafield>
  <datafield tag="653" ind1=" " ind2=" ">
   <subfield code="a">Historia contemporánea.</subfield>
  </datafield>
  <datafield tag="653" ind1=" " ind2=" ">
   <subfield code="a">U.R.S.S</subfield>
  </datafield>
  <datafield tag="653" ind1=" " ind2=" ">
   <subfield code="a">Socialismo.</subfield>
  </datafield>
  <datafield tag="859" ind1=" " ind2=" ">
   <subfield code="a">AR-BHAM</subfield>
   <subfield code="b">BIB. HUMANIDADES - Donacion Lejarraga</subfield>
   <subfield code="h">MFN001354</subfield>
   <subfield code="p">001354.19</subfield>
  </datafield>
 </record>
</collection>
